[Event "Malta ol (Men)"]
[Site "La Valetta"]
[Date "1980.??.??"]
[Round "?"]
[White "Ghinda, Mihail Viorel"]
[Black "Spassov, Liuben"]
[Result "1/2-1/2"]
[WhiteElo "2475"]
[BlackElo "2450"]

1.e4 c5 2.Nf3 d6 3.d4 cxd4 4.Nxd4 Nf6 5.Nc3 Nc6 6.Bg5 e6 7.Qd2 a6 8.O-O-O h6
9.Bf4 Bd7 10.Bg3 Nxd4 11.Qxd4 Bc6 12.Be2 Be7 13.Qe3 Qc7 14.e5 dxe5 15.Bxe5 Qc8
16.Qg3 O-O 17.Rd4 Rd8 18.Ne4 Bxe4 19.Rxe4 Bd6 20.Rc4 Bxe5 21.Qxe5 Qb8 22.Qxb8 Raxb8
23.Rd1 Rxd1+ 24.Bxd1 Kf8 25.Bf3 Ne8 26.a4 a5 27.Rc5 b6 28.Rc6 Ke7 29.c3 Kd7
30.b4 Nc7 31.bxa5 bxa5 32.Rc5 Kd6 33.Rxa5 f5 34.Kc2 e5 35.c4 g6 36.Bd5 Rb4
37.g3 Nxd5 38.cxd5 g5 39.Kc3 Re4 40.Kd3 g4 41.Ra6+ Kxd5  1/2-1/2

[Event "Malta ol (Men)"]
[Site "La Valetta"]
[Date "1980.??.??"]
[Round "?"]
[White "Harcovic"]
[Black "Liu Wenzhe"]
[Result "1-0"]
[WhiteElo "2200"]
[BlackElo "2430"]

1.e4 c5 2.Nf3 d6 3.d4 cxd4 4.Nxd4 Nf6 5.Nc3 Nc6 6.Bg5 e6 7.Qd2 Be7 8.O-O-O O-O
9.f3 d5 10.exd5 Nxd5 11.Bxe7 Ndxe7 12.Nxc6 Qxd2+ 13.Rxd2 Nxc6 14.Bb5 Ne7
15.Rhd1 e5 16.Ne4 Rb8 17.Nc5 Ng6 18.Bc4 Nf4 19.Re1 b6 20.Nd3 Nxd3+ 21.Rxd3 Bf5
22.Rde3 e4 23.fxe4 Be6 24.Bxe6 fxe6 25.Kd2 e5 26.Rd3 Rbc8 27.Re2 Rc7 28.Rd5 Re7
29.c4 Rf1 30.Ke3 g6 31.Rc2 Re1+ 32.Kd3 Rd1+ 33.Rd2 Rc1 34.b3 Kg7 35.Ke2 Kf6
36.Rd1 Rc2+ 37.R5d2 Rc3 38.Rd6+ Kg5  1-0

[Event "Malta ol (Men)"]
[Site "La Valetta"]
[Date "1980.??.??"]
[Round "?"]
[White "Zadrima, Aldo"]
[Black "Bitar"]
[Result "0-1"]
[WhiteElo "2200"]
[BlackElo "2200"]

1.e4 c5 2.Nf3 d6 3.d4 cxd4 4.Nxd4 Nf6 5.Nc3 Nc6 6.Bg5 e6 7.Qd2 Be7 8.O-O-O O-O
9.f3 Qb6 10.Nb3 a6 11.Be3 Qc7 12.Kb1 b5 13.Bd3 b4 14.Ne2 a5 15.Nbd4 Ne5 16.g4 Nfd7
17.Bg5 Nb6 18.Bxe7 Qxe7 19.Ng3 d5 20.Qe2 Nxd3 21.cxd3 dxe4 22.dxe4 Ba6 23.Qf2 Nc4
24.Nb3 Rac8 25.Nf1 a4 26.Nc1 a3 27.Nd3 axb2 28.Nxb2 Na3+ 29.Ka1 Rc2 30.Qd4 Nb5
31.Qe3 Qc7 32.Nd2 Nc3 33.Nb3 Nxd1 34.Rxd1 Rxh2 35.Qd4 Qc3 36.Qxc3 bxc3 37.Na4 Be2  0-1

[Event "Malta ol (Men)"]
[Site "La Valetta"]
[Date "1980.??.??"]
[Round "?"]
[White "Jansa, Vlastimil"]
[Black "Zueger, Beat"]
[Result "1/2-1/2"]
[WhiteElo "2480"]
[BlackElo "2225"]

1.e4 c5 2.Nf3 d6 3.d4 cxd4 4.Nxd4 Nf6 5.Nc3 Nc6 6.Bg5 e6 7.Qd2 a6 8.O-O-O Bd7
9.f4 Be7 10.Nf3 b5 11.Bxf6 gxf6 12.f5 Qb6 13.Kb1 O-O-O 14.g3 Kb8 15.fxe6 fxe6
16.Bh3 Bc8 17.Rhf1 b4 18.Ne2 d5 19.exd5 Rxd5 20.Qh6 Rxd1+ 21.Rxd1 Rd8 22.Rxd8 Qxd8
23.Nc1 Qg8 24.Qe3 e5 25.Bxc8 Qxc8 26.g4 Kc7 27.Qe4 Qg8 28.Ne2 Qg6 29.Qc4 h5
30.h3 hxg4 31.hxg4 Qh6 32.Nc1 Qe3 33.Nh4 Qd4 34.Qe2 Kb6 35.Nf5 Qg1 36.c3 bxc3
37.bxc3 Ba3  1/2-1/2

[Event "Malta ol (Men)"]
[Site "La Valetta"]
[Date "1980.??.??"]
[Round "?"]
[White "Liu Wenzhe"]
[Black "Williams, Arthur H"]
[Result "0-1"]
[WhiteElo "2430"]
[BlackElo "2270"]

1.e4 c5 2.Nf3 d6 3.d4 cxd4 4.Nxd4 Nf6 5.Nc3 Nc6 6.Bg5 e6 7.Qd2 Be7 8.O-O-O O-O
9.f3 Nxd4 10.Qxd4 Qa5 11.h4 Bd7 12.Bc4 Rfd8 13.Bb3 Bc6 14.Kb1 Qc7 15.g4 b5
16.h5 b4 17.Bxf6 Bxf6 18.Qxb4 a5 19.Qc4 Qb7 20.a4 Rac8 21.Nb5 d5 22.Qe2 dxe4
23.Nd6 exf3 24.Qf2 Rxd6 25.Rxd6 Be4 26.Rb6 Qc7 27.Rb5 h6 28.Re1 Qf4 29.Ka2 Qxg4
30.Qe3 Bd5 31.Rxd5 exd5 32.Rf1 Qxh5 33.Rxf3 Qh4 34.Qd3 Rd8 35.Rf5 Qe4 36.Qf1 Rb8
37.Rxf6 gxf6 38.Qxf6 Qe6 39.Qf3 Rd8 40.Qc3 Qb6 41.Qg3+ Kf8 42.Qe5 Rd7 43.Qh8+ Ke7
44.Qe5+ Kf8 45.Qh8+ Ke7 46.Qe5+ Qe6 47.Qd4 Qe1 48.Qc5+ Kf6 49.Qd4+ Ke7 50.Qc5+ Kf6
51.Qd4+ Qe5 52.Qb6+ Rd6 53.Qxa5 h5 54.Qd2 Kg7 55.Qg2+ Kf8 56.Qf2 Kg7 57.Qg2+ Kh6
58.Qd2+ Kg6 59.Qg2+ Qg5 60.Qh2 Rd8 61.Qc7 h4 62.a5 Qf6 63.Qb7 h3 64.Qb5 Kg7
65.Qd3 Qh4 66.Bxd5 h2 67.Qc3+ Kg8 68.Bb7 h1=Q 69.Bxh1 Qxh1 70.Qg3+ Kh7 71.Qc7 Qd5+
72.c4 Qd7 73.Qxd7 Rxd7 74.b4 f5 75.c5 f4 76.c6 Ra7 77.Kb3 f3 78.b5 f2 79.b6 f1=Q
80.bxa7 Qb5+  0-1

[Event "Malta ol (Men)"]
[Site "La Valetta"]
[Date "1980.??.??"]
[Round "?"]
[White "Maki, Veijo"]
[Black "Kunsztowicz, Uwe"]
[Result "1/2-1/2"]
[WhiteElo "2355"]
[BlackElo "2365"]

1.e4 c5 2.Nf3 d6 3.d4 cxd4 4.Nxd4 Nf6 5.Nc3 Nc6 6.Bg5 e6 7.Qd2 a6 8.O-O-O Bd7
9.f4 Be7 10.Nf3 b5 11.Bxf6 Bxf6 12.Qxd6 Be7 13.Qd2 b4 14.Na4 Ra7 15.Qe3 Qa5
16.b3 Rb7 17.Nd2 Nb8 18.Nc4 Qc7 19.Nab2 a5 20.e5 a4 21.Nd6+ Bxd6 22.exd6 Qd8
23.Bd3 axb3 24.axb3 Rb6 25.Nc4 Ra6 26.g4 O-O 27.g5 Bb5 28.Qc5 Bc6 29.Rhg1 Nd7
30.Qxb4 Qa8 31.Ne5 Nxe5 32.fxe5 Ra5 33.Rde1 Rxe5 34.Kb2 Rxe1 35.Rxe1 Qa7
36.Ra1 Qe3 37.Qc3 Qf3 38.Ra6 Bb7 39.Ra7 Qd5 40.Qb4 Qe5+ 41.Qc3 Qd5 42.Qb4 Qe5+
43.Kb1 Bd5 44.d7 Rd8  1/2-1/2

[Event "Malta ol (Men)"]
[Site "La Valetta"]
[Date "1980.??.??"]
[Round "?"]
[White "Pritchett, Craig William"]
[Black "Diez del Corral, Jesus"]
[Result "1/2-1/2"]
[WhiteElo "2390"]
[BlackElo "2485"]

1.e4 c5 2.Nf3 Nc6 3.d4 cxd4 4.Nxd4 Nf6 5.Nc3 d6 6.Bg5 e6 7.Qd2 Be7 8.O-O-O O-O
9.f4 e5 10.Nf5 Bxf5 11.exf5 Rc8 12.Kb1 Re8 13.Bb5 e4 14.Rhe1 Qb6 15.Bxc6 Qxc6
16.Bxf6 Bxf6 17.Nd5 Qc4 18.c3 Rc6 19.Re3 h6 20.Qe1 Kf8 21.b3 Qc5 22.Rxe4 Rcc8
23.Rxe8+ Rxe8 24.Qd2 Kg8 25.g4 Bh4 26.g5 hxg5 27.fxg5 Be1 28.Rxe1 Rxe1+ 29.Qxe1 Qxd5
30.Qe8+ Kh7 31.g6+ fxg6 32.Qxg6+ Kh8 33.Qh5+ Kg8 34.Qe8+ Kh7 35.Qh5+ Kg8
36.Kc2 Qg2+ 37.Kd3 Qxa2 38.Qe8+ Kh7 39.Qh5+ Kg8 40.Qe8+ Kh7 41.Qg6+ Kh8 42.Qe8+  1/2-1/2

[Event "Malta ol (Men)"]
[Site "La Valetta"]
[Date "1980.??.??"]
[Round "?"]
[White "Rodriguez, Amador"]
[Black "Bitar"]
[Result "1-0"]
[WhiteElo "2420"]
[BlackElo "2200"]

1.e4 c5 2.Nf3 Nc6 3.d4 cxd4 4.Nxd4 Nf6 5.Nc3 d6 6.Bg5 e6 7.Qd2 Be7 8.O-O-O O-O
9.f4 h6 10.Bh4 Bd7 11.Ndb5 Nxe4 12.Bxe7 Nxd2 13.Bxd8 Nxf1 14.Bc7 Ne3 15.Rxd6 a6
16.Na3 Bc8 17.g3 Nf5 18.Rd2 b5 19.Ne4 Ra7 20.Bb6 Rb7 21.Bc5 Rd8 22.Rxd8+ Nxd8
23.Rd1 Rd7 24.g4 Nb7 25.gxf5 exf5 26.Nd6 Nxc5 27.Nxc8 Rxd1+ 28.Kxd1 Ne6 29.Ne7+ Kh7
30.Nd5 g5 31.c4 bxc4 32.Nxc4 gxf4 33.Ne5 Kg7 34.Ke2 f6 35.Nd3 Nd4+ 36.Kf2 Kg6
37.N3xf4+ Kg5 38.Kg3  1-0

[Event "Malta ol (Men)"]
[Site "La Valetta"]
[Date "1980.??.??"]
[Round "?"]
[White "Tal, Mihail"]
[Black "Radulov, Ivan"]
[Result "1-0"]
[WhiteElo "2705"]
[BlackElo "2465"]

1.e4 c5 2.Nf3 Nc6 3.d4 cxd4 4.Nxd4 Nf6 5.Nc3 d6 6.Bg5 e6 7.Qd2 a6 8.O-O-O h6
9.Be3 Nxd4 10.Bxd4 b5 11.f4 b4 12.Bxf6 Qxf6 13.Ne2 Rb8 14.Nd4 Rb6 15.Bc4 g6
16.Bb3 Bd7 17.Nf3 a5 18.Ne5 Bb5 19.Ng4 Qg7 20.e5 Be7 21.Qd4 Bd8 22.Nf6+ Kf8
23.Bc4 Be8 24.g4 g5 25.Nh5 Qg8 26.exd6 Rb7 27.f5 exf5 28.Rhe1  1-0

[Event "DSV-Turnier"]
[Site "Leipzig"]
[Date "1980.??.??"]
[Round "3"]
[White "Gufeld, Eduard"]
[Black "Petrushin, Alexander I"]
[Result "1/2-1/2"]
[WhiteElo "2510"]
[BlackElo "2390"]

1.e4 c5 2.Nf3 d6 3.d4 cxd4 4.Nxd4 Nf6 5.Nc3 Nc6 6.Bg5 Qb6 7.Nb3 e6 8.Bd3 Be7
9.O-O O-O 10.a4 Qd8 11.Qe2 a6 12.a5 Re8 13.Rfd1 Qc7 14.Be3 d5 15.Bb6 Qf4
16.Qe3 Qxe3 17.Bxe3 Nb4 18.exd5 Nfxd5 19.Nxd5 Nxd5 20.Bc5 Bf6 21.c3 Be5 22.Be4 Nf6
23.Bf3 Nd7 24.Bd6 Bxd6 25.Rxd6 Ne5 26.Be2 g5 27.Nc5 Kf8 28.Rad1 Ke7 29.b4 f6
30.h3 Rh8 31.Bh5 f5 32.R6d4 Rg8 33.Be2 Rb8 34.Kf1 b6 35.axb6 Rxb6 36.Ra1 Nc6
37.Rd2 Nb8 38.Rda2 Rc6 39.Rd2 Rd8 40.Rxd8 Kxd8 41.Rd1+ Ke7 42.Ra1 Nd7 43.Nxd7 Bxd7
44.Ra3 e5 45.Ke1 Bc8 46.c4 Rb6 47.Rb3 Bb7 48.c5 Rf6 49.Ra3 Kd7 50.Bf1  1/2-1/2

[Event "Makarczyk mem"]
[Site "Lodz"]
[Date "1980.??.??"]
[Round "7"]
[White "Kojder, Konrad"]
[Black "Spassov, Liuben"]
[Result "0-1"]
[WhiteElo "2430"]
[BlackElo "2450"]

1.e4 c5 2.Nf3 Nc6 3.d4 cxd4 4.Nxd4 Nf6 5.Nc3 d6 6.Bg5 e6 7.Qd2 a6 8.O-O-O h6
9.Be3 Nxd4 10.Bxd4 b5 11.f3 Be7 12.Qf2 Bb7 13.g4 Qc8 14.a3 e5 15.Be3 Bc6
16.h4 Qb7 17.Rg1 a5 18.g5 b4 19.axb4 axb4 20.Nb1 hxg5 21.hxg5 Nd7 22.Bc4 g6
23.Bb3 Ra5 24.Nd2 Ra1+ 25.Nb1 Ba4 26.Bd5 Bc6 27.Bb3 Qa6 28.Rh1 Rf8 29.Qf1 Bb5
30.Qg2 Bc4 31.Bxc4 Qxc4 32.b3 Qa6 33.Kd2 Qc6 34.Kc1 Nc5 35.Bxc5 Qxc5 36.Rd3 Ra2
37.Rd2 Qe3 38.Rg1 Rh8 39.Kd1 Ra1 40.Kc1 Rh5 41.Rd1 Bxg5  0-1

[Event "Los Polvorines op"]
[Site "Los Polvorines"]
[Date "1980.??.??"]
[Round "?"]
[White "Mahia, Gustavo"]
[Black "Fraile, J."]
[Result "1-0"]
[WhiteElo "2200"]
[BlackElo "2200"]

1.e4 c5 2.Nf3 d6 3.d4 cxd4 4.Nxd4 Nf6 5.Nc3 Nc6 6.Bg5 e6 7.Qd2 a6 8.O-O-O Bd7
9.f4 Be7 10.Be2 O-O 11.Nf3 h6 12.h4 Be8 13.Rh3 Qc7 14.f5 Ng4 15.Bxe7 Qxe7
16.Rg3 exf5 17.exf5 h5 18.Nd5 Qd8 19.f6 Kh7 20.Ng5+  1-0

[Event "WchT U26"]
[Site "Mexico"]
[Date "1980.??.??"]
[Round "?"]
[White "Kranborn"]
[Black "Armas, Iulius"]
[Result "1-0"]
[WhiteElo "2200"]
[BlackElo "2230"]

1.e4 c5 2.Nf3 Nc6 3.d4 cxd4 4.Nxd4 Nf6 5.Nc3 d6 6.Bg5 e6 7.Qd2 Be7 8.O-O-O O-O
9.f4 Nxd4 10.Qxd4 Qa5 11.Kb1 Rd8 12.Bd3 Rb8 13.e5 Nd5 14.Nxd5 Bxg5 15.fxg5 exd5
16.Rhf1 Be6 17.exd6 Rxd6 18.Qe5 Rbd8 19.Rf4 b5 20.Rd4 b4 21.Qf4 Rb6 22.Qh4 g6
23.Qh6 b3 24.axb3 Rb4 25.Bc4 Rd6 26.Rh4 dxc4 27.Rxd6 Rxb3 28.Qxh7+ Kf8 29.Qh8+ Ke7
30.Rxe6+  1-0

[Event "WchT U26"]
[Site "Mexico"]
[Date "1980.??.??"]
[Round "?"]
[White "Rodriguez, A."]
[Black "Grimaldi, Rene A"]
[Result "1-0"]
[WhiteElo "2420"]
[BlackElo "2200"]

1.e4 c5 2.Nf3 d6 3.d4 cxd4 4.Nxd4 Nf6 5.Nc3 Nc6 6.Bg5 Bd7 7.Be2 Qa5 8.Bxf6 gxf6
9.Nb3 Qg5 10.g3 f5 11.f4 Qh6 12.Qd2 fxe4 13.Nxe4 Bg7 14.c3 a5 15.a4 Qe6 16.Qc2 Rc8
17.Ng5 Qd5 18.Bf3 Qc4 19.Qd1 Be6 20.Nd2 Qa6 21.Nxe6 fxe6 22.Bh5+ Kd7 23.Qb3 Nd8
24.O-O-O Kc7 25.Rhe1 Kb8 26.Be2 Qa7 27.Bg4 Rc6 28.Nf3 h5 29.Bxe6 Nxe6 30.Rxe6 Rhc8
31.Rd3 Bf6 32.Kb1 Qc5 33.Rd5 Qf2 34.Nd4 Qf1+ 35.Ka2 Rc4 36.Nb5 Qg2 37.Rd3 h4
38.Rxf6 Qe4 39.Rd4 Rxd4 40.cxd4 hxg3  1-0

[Event "New York Inv"]
[Site "New York"]
[Date "1980.??.??"]
[Round "3"]
[White "Shamkovich, Leonid"]
[Black "Mednis, Edmar John"]
[Result "1/2-1/2"]
[WhiteElo "2515"]
[BlackElo "2485"]

1.e4 c5 2.Nf3 Nc6 3.d4 cxd4 4.Nxd4 Nf6 5.Nc3 d6 6.Bg5 e6 7.Qd2 a6 8.O-O-O Bd7
9.f3 Be7 10.h4 b5 11.Nxc6 Bxc6 12.Bd3 O-O 13.g4 Nd7 14.Bxe7 Qxe7 15.Be2 d5
16.exd5 Bxd5 17.Nxd5 exd5 18.h5 Nb6 19.h6 Rfe8 20.Rde1 Qe3 21.hxg7 Qxd2+
22.Kxd2 Kxg7 23.b3 h6 24.Rh5 Re6 25.Reh1 Rd8 26.Rf5 Rdd6 27.Rhh5 Rd8 28.Rf4 Rd7
29.Rd4 Rc7 30.f4 Rec6 31.Bd3 Re6 32.g5 Rec6 33.gxh6+ Rxh6 34.Rxh6 Kxh6 35.Rb4 Rc6
36.Ke3 Kg7 37.Kd4 Kf6 38.a4 bxa4 39.bxa4 a5 40.Rb5 Nxa4 41.Rxd5 Nb2 42.Rf5+ Ke6
43.Rxa5 Nxd3 44.Kxd3 Rd6+ 45.Kc4 Rc6+ 46.Rc5 Rxc5+ 47.Kxc5 Kf5 48.Kd4 Kxf4
49.c4 f5 50.c5 Kg3 51.c6 f4  1/2-1/2

[Event "New York Inv"]
[Site "New York"]
[Date "1980.??.??"]
[Round "9"]
[White "Shamkovich, Leonid"]
[Black "Zaltsman, Vitaly F"]
[Result "1-0"]
[WhiteElo "2515"]
[BlackElo "2460"]

1.e4 c5 2.Nf3 Nc6 3.d4 cxd4 4.Nxd4 Nf6 5.Nc3 d6 6.Bg5 e6 7.Qd2 a6 8.O-O-O Bd7
9.f4 b5 10.Bxf6 gxf6 11.Kb1 Qb6 12.Nb3 O-O-O 13.g3 Kb8 14.Bg2 Bc8 15.Bf3 Bg7
16.Rhe1 Bb7 17.Qe3 Ka7 18.Bh5 Rhf8 19.a3 Ne7 20.f5 e5 21.Qf3 a5 22.a4 bxa4
23.Nxa4 Qb4 24.Qe3+ Kb8 25.Nc3 a4 26.Nc1 d5 27.N1a2 Qc4 28.Be2 Qc7 29.Nb5 Qa5
30.Qa3 Nc8 31.exd5 Rxd5 32.Nac3 Rxd1+ 33.Rxd1 Rd8 34.Rxd8 Qxd8 35.Qxa4 Bf8
36.Bc4 Qd7 37.Qb3 Nb6 38.Bxf7 Qxf5 39.Ka2 Bc5 40.Nd6 Bxd6 41.Qxb6 Bc7 42.Qb5 Qc8
43.Ne4 Ka7 44.Nxf6 Ba6 45.Qc5+ Bb6 46.Qxc8 Bxc8 47.c4 Bg1 48.h4 Bf2 49.Ne4 Be1
50.h5 Bf5 51.Bd5 h6 52.Ka3 Bg4 53.b4 Bxh5 54.c5 Be2 55.Bc6 Ka6 56.Ka4 Bd1+
57.Ka3 Be2 58.Nd6 Bxg3 59.b5+ Ka7 60.Ne4 Be1 61.Bd7 Ba5 62.Nd6 Bd8 63.b6+ Kb8
64.Kb4 Be7 65.Nf7 e4 66.Nxh6 Bf8 67.Ng4 Kb7 68.Ne3 Bd3 69.Nc4 Kb8 70.Ne5 Bb1
71.Bf5 Kb7 72.Kb5 Bxc5 73.Kxc5  1-0

[Event "Rubinstein mem"]
[Site "Polanica Zdroj"]
[Date "1980.??.??"]
[Round "5"]
[White "Luczak, Andrzej"]
[Black "Klovans, Janis"]
[Result "1/2-1/2"]
[WhiteElo "2430"]
[BlackElo "2475"]

1.e4 c5 2.Nf3 Nc6 3.d4 cxd4 4.Nxd4 Nf6 5.Nc3 d6 6.Bg5 e6 7.Qd2 a6 8.O-O-O Bd7
9.f4 b5 10.Bxf6 gxf6 11.Nxc6 Bxc6 12.Qe1 Be7 13.Bd3 Qb6 14.Kb1 a5 15.Qe2 b4
16.Nb5 Rb8 17.c4 bxc3 18.Nxc3 O-O 19.Ka1 a4 20.a3 Rfc8 21.Rb1 Qa5 22.Rhc1 Bd7
23.Rc2 Rb3 24.Rbc1 Rcb8 25.g4 Bd8 26.Bc4 R3b7 27.Qd3 Be7 28.Ba2 Kg7 29.Rg2 Kf8
30.Qh3 Kg7 31.Bb1 h6 32.Qd3 Kf8 33.Ba2 Rc7 34.Rgc2 Rbc8 35.h3 Ke8 36.f5 Qe5
37.Re1 Kf8 38.Qd2 Kg7 39.Qd3 Rc5 40.Qd2 Bd8 41.Rd1 R8c6 42.Qd3 Ba5 43.Rdc1 Rc7
44.Bb1 Bxc3 45.Rxc3 Rxc3 46.Rxc3 Rxc3 47.Qxc3 Qxc3 48.bxc3 h5 49.gxh5 Kh6
50.Kb2 Kxh5 51.Kc1 Kg5 52.Kd2 Kf4 53.fxe6 fxe6 54.h4 Kg4 55.Ke3 Kxh4 56.Bd3 Kg3
57.c4 Bc6 58.Bc2 Kg2 59.Bd3 Kg3 60.Bc2 Kg4 61.Bd1+ Kg5 62.Bc2 f5 63.exf5 exf5
64.Kd4 f4 65.c5 dxc5+ 66.Kxc5 Bd7 67.Be4 Kg4 68.Kd4 Kg3 69.Ke5 Bg4 70.Bc6 Be2
71.Kd4 Bd1 72.Ke5 Bc2 73.Bd5  1/2-1/2

[Event "Rubinstein mem"]
[Site "Polanica Zdroj"]
[Date "1980.??.??"]
[Round "10"]
[White "Klovans, Janis"]
[Black "Bielczyk, Jacek"]
[Result "1/2-1/2"]
[WhiteElo "2475"]
[BlackElo "2380"]

1.e4 c5 2.Nf3 Nc6 3.d4 cxd4 4.Nxd4 Nf6 5.Nc3 d6 6.Bg5 e6 7.Qd2 a6 8.O-O-O Bd7
9.f4 h6 10.Bh4 g5 11.fxg5 Ng4 12.Nf3 Be7 13.g6 Bxh4 14.gxf7+ Kxf7 15.Qf4+ Bf6
16.Qxg4 Ke7 17.e5 Nxe5 18.Nxe5 Bxe5 19.Ne4 Qb6 20.Qh4+ Ke8 21.Nf6+ Bxf6 22.Qxf6 Qe3+
23.Kb1 Rf8 24.Qg6+ Ke7 25.Bc4 Rf6 26.Qh7+ Rf7 27.Qg6 Rf6 28.Qh5 Rc8 29.Bb3 Rc5
30.Qh4 Qf4 31.Qe1 a5 32.g3 Qe5 33.Qxe5 Rxe5 34.Rd2 Be8 35.Kc1 d5 36.c3 Re3
37.Bd1 b5 38.a3 Kd6 39.Rg1 Kc5 40.h4 b4 41.axb4+ axb4 42.cxb4+ Kxb4 43.g4 Bg6
44.g5 hxg5 45.hxg5 Rf4 46.Bc2 Rc4 47.Kd1 Bh5+ 48.Kc1 Bg6 49.Kd1 Bh5+ 50.Kc1  1/2-1/2

[Event "ARG-ch"]
[Site "Quilmes"]
[Date "1980.??.??"]
[Round "1"]
[White "Szmetan, Jorge"]
[Black "Najdorf, Miguel"]
[Result "1/2-1/2"]
[WhiteElo "2390"]
[BlackElo "2510"]

1.e4 c5 2.Nf3 d6 3.d4 cxd4 4.Nxd4 Nf6 5.Nc3 Nc6 6.Bg5 e6 7.Qd2 Be7 8.O-O-O O-O
9.f4 h6 10.Bxf6 Bxf6 11.Nb3 e5 12.g3 Bg4 13.Re1 a5 14.a4 Nb4 15.Kb1 Rc8 16.Bb5 Be6
17.f5 Bc4 18.Bxc4 Rxc4 19.Rd1 Rc6 20.h4 b6  1/2-1/2

[Event "Reykjavik"]
[Site "Reykjavik"]
[Date "1980.??.??"]
[Round "?"]
[White "Arnason, Jon L"]
[Black "Kupreichik, Viktor D"]
[Result "1/2-1/2"]
[WhiteElo "2435"]
[BlackElo "2535"]

1.e4 c5 2.Nf3 d6 3.d4 cxd4 4.Nxd4 Nf6 5.Nc3 Nc6 6.Bg5 e6 7.Qd3 a6 8.Rd1 h6
9.Bc1 Bd7 10.Be2 b5 11.a3 Qb6 12.Nxc6 Bxc6 13.O-O Qb7 14.Rfe1 Nxe4 15.Nxe4 Bxe4
16.Qxe4 Qxe4 17.Bxb5+ axb5 18.Rxe4 Kd7 19.Rb4 Kc6 20.Rd3 Ra5 21.Rc3+ Kb7
22.Rcb3 Kc6 23.Rc3+ Kb7 24.Rcb3 Kc6 25.Bd2 d5 26.Rf4 Ra7 27.Rc3+ Kd6 28.Rc8 g5
29.Rf3 Bg7 30.Bb4+ Ke5 31.Rc5 Rb8 32.Bc3+ Kd6 33.Bb4 Ke5 34.Rcc3 f5 35.Rc6 Kf6
36.g4 f4 37.Bc3+ Kf7 38.Bxg7 Kxg7 39.Rxe6 b4 40.Rd6 bxa3 41.Rxa3 Rc7 42.b3 Re8
43.Rxd5 f3 44.h3 Rxc2 45.Ra7+ Kg8 46.Rd6 Re1+ 47.Kh2 Rxf2+ 48.Kg3 Rfe2 49.Ra8+ Re8
50.Rxe8+ Rxe8 51.Kxf3 Rb8 52.Rd3 Kf7 53.Re3 Kg6 54.Ke2 h5 55.gxh5+ Kxh5 56.Kd2 Kh4
57.Kc2 Rc8+ 58.Kd3 Rd8+ 59.Kc3 Rc8+ 60.Kb2 Rb8 61.Rf3 Rb7 62.Kc3 Rc7+ 63.Kd4 Rb7
64.Kc4 Rc7+ 65.Kd5 Rb7 66.Kc4 Rc7+ 67.Kd5 Rb7 68.Kc5 Rc7+ 69.Kd6 Rb7 70.Ke5 Re7+
71.Kd6 Re2 72.b4 Rh2 73.b5 Rxh3 74.Rxh3+ Kxh3 75.Kc6 g4 76.b6  1/2-1/2

[Event "URS-ch U26"]
[Site "Riga"]
[Date "1980.??.??"]
[Round "?"]
[White "Polovodin, Igor A"]
[Black "Lanka, Zigurds"]
[Result "0-1"]
[WhiteElo "2420"]
[BlackElo "2340"]

1.e4 c5 2.Nf3 Nc6 3.d4 cxd4 4.Nxd4 Nf6 5.Nc3 d6 6.Bg5 e6 7.Qd2 a6 8.O-O-O h6
9.Bf4 Bd7 10.Nxc6 Bxc6 11.Qe2 Qc7 12.Nd5 Bxd5 13.exd5 e5 14.Bg3 Be7 15.f4 Nd7
16.fxe5 Nxe5 17.Bxe5 dxe5 18.Kb1 Rc8 19.g4 O-O 20.h4 Qb6 21.Rh3 Qg6 22.h5 Qd6
23.Qe4 Rfd8 24.Bd3 Kf8 25.Qh7 Bf6 26.Be4 Ke7 27.Rf3 Rh8 28.Qf5 Rc4 29.c3 b5
30.Bc2 Rc5 31.Bb3 Kd8 32.Qe4 Kc8 33.a3 Kb8 34.c4 Rhc8 35.cxb5 Rxb5 36.Ka2 Rc7
37.Rdd3 Rbc5 38.Qb4+ Rb7 39.Qa4 e4 40.Qxe4 Bxb2 41.Rde3 Rc3 42.Rxc3 Qxa3+
43.Kb1 Qa1+ 44.Kc2 Qc1+ 45.Kd3 Bxc3 46.Rf2 Be1 47.Qe5+ Ka8 48.Rb2 Bf2 49.d6 Ka7
50.Rxf2 Rxb3+ 51.Ke2 Rb2+  0-1

[Event "Rostov"]
[Site "Rostov"]
[Date "1980.??.??"]
[Round "?"]
[White "Geller, Efim P"]
[Black "Kupreichik, Viktor D"]
[Result "1/2-1/2"]
[WhiteElo "2565"]
[BlackElo "2535"]

1.e4 c5 2.Nf3 Nc6 3.d4 cxd4 4.Nxd4 Nf6 5.Nc3 d6 6.Bg5 e6 7.Qd2 Be7 8.O-O-O O-O
9.f4 h6 10.Bh4 Bd7 11.Ndb5 Nxe4 12.Bxe7 Nxd2 13.Bxd8 Nxf1 14.Bc7 Ne3 15.Rxd6 Bc8
16.Rd3 Nxg2 17.Bd6 Rd8 18.Nc7 Rb8 19.N7b5 Ra8 20.Nc7 Rb8  1/2-1/2

[Event "Rostov"]
[Site "Rostov"]
[Date "1980.??.??"]
[Round "?"]
[White "Gavrikov, Viktor"]
[Black "Mikhalchishin, Adrian"]
[Result "0-1"]
[WhiteElo "2365"]
[BlackElo "2490"]

1.e4 c5 2.Nf3 d6 3.d4 cxd4 4.Nxd4 Nf6 5.Nc3 Nc6 6.Bg5 e6 7.Qd2 Be7 8.O-O-O O-O
9.Nb3 a6 10.Bxf6 gxf6 11.f4 b5 12.Kb1 b4 13.Ne2 a5 14.f5 Kh8 15.Qh6 exf5
16.exf5 Bxf5 17.Ned4 Nxd4 18.Nxd4 Bg6 19.Bd3 Rg8 20.Rhe1 Bf8 21.Qh3 a4 22.Re4 Qc8
23.Qxc8 Rxc8 24.Rg4 d5 25.Nf5 Bc5 26.g3 Rge8 27.Rf4 Re5 28.Rdf1 Rce8 29.Kc1 a3
30.b3 Bxf5 31.Rxf5 Rxf5 32.Bxf5 Re2 33.h4 Kg7 34.Kd1 Rg2 35.g4 Be3 36.h5 d4
37.Ke1 Bd2+ 38.Kd1 Be3 39.Rh1 Kh6 40.Ke1 Rf2 41.Bd3 Rg2 42.Rf1 Bd2+ 43.Kd1 Kg7
44.Be2 Bc3 45.Rf5 h6 46.Rf4 Kf8 47.Bf1 Rd2+ 48.Kc1 Rh2 49.Kd1 Ke7 50.Rf5 Rd2+
51.Kc1 d3 52.Bxd3 Rg2 53.Kd1 Rd2+ 54.Kc1 Rg2 55.Kd1 Rxg4 56.Ke2 Rg1 57.Rf1 Rg5
58.Rh1 f5 59.Ke3 Kf6 60.Be2 Rg2 61.Kf3 Rg8 62.Rd1 Be5 63.Kf2 Bg3+ 64.Ke3 Re8+
65.Kf3 f4 66.Rd3 Be1 67.Bd1 Kg5 68.Kg2 Bc3 69.Bf3 Re1 70.Rd1 Rxd1 71.Bxd1 Kf5
72.Bf3 Bf6 73.Kf2 Ke5 74.c4 bxc3 75.Bd1 Be7 76.Kf3 Kf5 77.Kf2 Kg5 78.Kg2 Bd6
79.Kf2 f5 80.Kg2 f3+ 81.Kxf3 Kxh5 82.Ke3+ Kh4 83.Kf3 Kg5  0-1

[Event "Skien op"]
[Site "Skien"]
[Date "1980.??.??"]
[Round "2"]
[White "Hatlebakk, Einar"]
[Black "Schneider, Lars Ake"]
[Result "0-1"]
[WhiteElo "2290"]
[BlackElo "2450"]

1.e4 c5 2.Nf3 Nc6 3.d4 cxd4 4.Nxd4 Nf6 5.Nc3 d6 6.Bg5 e6 7.Qd2 a6 8.O-O-O Bd7
9.f3 Be7 10.h4 Qc7 11.g4 h5 12.gxh5 Nxh5 13.Bxe7 Nxe7 14.Nde2 O-O-O 15.f4 Bc6
16.Bg2 d5 17.exd5 Nxd5 18.Nxd5 Bxd5 19.Bxd5 Rxd5 20.Qe3 Qc5 21.Qxc5+ Rxc5
22.Rd4 g6 23.Kd2 Rd8 24.Rxd8+ Kxd8 25.c3 Ke7 26.Ke3 e5 27.Rd1 Ng7 28.Kf3 Nf5
29.Rh1 Kf6 30.Ng3 Nxg3 31.Kxg3 e4 32.Kf2 Kf5 33.h5 Kxf4 34.hxg6 fxg6 35.Rh4+ Kf5
36.Ke3 Re5 37.c4 g5 38.Rh7 b5 39.Rf7+ Kg4 40.cxb5 axb5 41.b3 Kg3 42.Ra7 g4
43.a4 bxa4 44.bxa4 Re6 45.a5 Kg2 46.Ra8 g3 47.a6 Rh6  0-1

[Event "Tirnavia-A"]
[Site "Trnava"]
[Date "1980.??.??"]
[Round "7"]
[White "Pavlov, Mircea"]
[Black "Nicevski, Risto"]
[Result "1-0"]
[WhiteElo "2400"]
[BlackElo "2410"]

1.e4 c5 2.Nf3 Nc6 3.d4 cxd4 4.Nxd4 Nf6 5.Nc3 d6 6.Bg5 Qb6 7.Nb3 e6 8.g4 h6
9.Be3 Qc7 10.Qe2 a6 11.Bg2 Ne5 12.f4 Nexg4 13.Bg1 h5 14.h3 Nh6 15.O-O-O g6
16.e5 dxe5 17.fxe5 Nd7 18.Ne4 Bg7 19.Nd6+ Kf8 20.Bh2 Nf5 21.Rhf1 Kg8 22.Kb1 Nf8
23.Ne8 Qe7 24.Nf6+ Bxf6 25.exf6 Qd8 26.Nc5 e5 27.Rfe1 Ne6 28.Qxe5 Qf8 29.Bg1 Kh7
30.Bf2 Qh6 31.Bd5 Re8 32.Be4 Qf4 33.Bxf5 Qxf5 34.Qxf5 gxf5 35.Re5 b6 36.Nd3 Kg6
37.Bh4 Bb7 38.Rg1+ Kh6 39.Rxf5 Rad8 40.Ne5 Rd4 41.Nxf7+ Kh7 42.Rxh5+  1-0

[Event "Zamardi op"]
[Site "Zamardi"]
[Date "1980.??.??"]
[Round "?"]
[White "Biriescu, Ioan"]
[Black "Szymczak, Zbigniew"]
[Result "1/2-1/2"]
[WhiteElo "2380"]
[BlackElo "2375"]

1.e4 c5 2.Nf3 d6 3.d4 cxd4 4.Nxd4 Nf6 5.Nc3 Nc6 6.Bg5 e6 7.Qd3 a6 8.Be2 Be7
9.O-O O-O 10.Kh1 Bd7 11.Nb3 Ne5 12.Qh3 Rc8 13.Rae1 Nc4 14.Bc1 b5 15.Bd1 Bc6
16.Nd4 Bb7 17.b3 Nb6 18.a3 Qc7 19.Bb2 d5 20.exd5 Nbxd5 21.Nxd5 Bxd5 22.Be2 h6
23.Bd3 Qb7 24.Re3 Bd6  1/2-1/2

[Event "AUT-ch"]
[Site "AUT"]
[Date "1981.??.??"]
[Round "4"]
[White "Hoelzl, Franz"]
[Black "Singer, Hans"]
[Result "1/2-1/2"]
[WhiteElo "2375"]
[BlackElo "2200"]

1.e4 c5 2.Nf3 d6 3.d4 cxd4 4.Nxd4 Nf6 5.Nc3 Nc6 6.Bg5 Bd7 7.Qd2 Rc8 8.O-O-O Nxd4
9.Qxd4 Qa5 10.f4 h6 11.Bxf6 gxf6 12.f5 h5 13.Kb1 Qc5 14.Qd3 e6 15.g3 Kd8
16.Bg2 Kc7 17.Rhf1 h4 18.fxe6 fxe6 19.Rxf6 Bg7 20.Rf7 Bxc3 21.Qxc3 Qxc3 22.bxc3 Rcf8
23.Rdf1 Rxf7 24.Rxf7 Rg8 25.Rf3 Bc6 26.Kc1 Kd7 27.Re3 Rg5 28.c4 Ke7 29.Ra3 a6
30.Kd2 Rc5 31.Kd3 Rg5 32.Ke2 Rc5  1/2-1/2

[Event "SVK-ch"]
[Site "Bardejov"]
[Date "1981.??.??"]
[Round "10"]
[White "Priehoda, Vitezslav"]
[Black "Demeter, Peter"]
[Result "1/2-1/2"]
[WhiteElo "2170"]
[BlackElo "2145"]

1.e4 c5 2.Nf3 Nc6 3.d4 cxd4 4.Nxd4 Nf6 5.Nc3 d6 6.Bg5 e6 7.Qd2 Be7 8.O-O-O Nxd4
9.Qxd4 a6 10.f4 Qa5 11.Kb1 O-O 12.Be2 e5 13.Qd2 exf4 14.Bxf4 Rd8 15.Nd5 Qxd2
16.Nxf6+ Bxf6 17.Rxd2 Re8 18.Bxd6 Rxe4 19.Bf3 Re8 20.Rdd1 g6 21.Rhe1 Bf5
22.Bxb7 Reb8 23.Bxb8 Rxb8 24.Be4 Rxb2+ 25.Kc1 Rb4 26.Bxf5 Bg5+ 27.Rd2 gxf5
28.Kd1 Bxd2 29.Kxd2 Rg4 30.g3 Ra4 31.Kd3 Rxa2 32.c4 Rxh2 33.c5 Rh6 34.Kd4 Kf8
35.Kd5 Rg6 36.Re3 Rg8 37.c6 Kg7 38.c7 Kf6 39.Kd6 Kg5 40.Kd7 Ra8 41.Re8 Ra7
42.Kd6 Rxc7 43.Kxc7 f4 44.Re5+ f5 45.gxf4+ Kxf4 46.Kd6 h5 47.Re8  1/2-1/2